Российские Общины сестер милосердия в событиях Первой мировой войны. Кн. 7: "Малые" Общины сестер милосердия губернских и уездных городов России (Запись № 13633121)

Подробности
000 -МАРКЕР
контрольное поле 01910nam2a2200277 4500
001 - ИДЕНТИФИКАТОР ЗАПИСИ
контрольное поле RU\NLR\BIBL_A\022737682
005 - ИДЕНТИФИКАТОР ВЕРСИИ
контрольное поле 20260311164533.0
010 ## - МЕЖДУНАРОДНЫЙ СТАНДАРТНЫЙ НОМЕР КНИГИ (ISBN)
Номер (ISBN) 978-5-6052952--0
Тираж 500
021 ## - НОМЕР ГОСУДАРСТВЕННОЙ РЕГИСТРАЦИИ
Код страны Российская Федерация
Номер КН-П-25-081596
Номер Листа государственной регистраци КН-П-25-7902
035 ## - ДРУГИЕ СИСТЕМНЫЕ НОМЕРА
Идентификатор записи (NLR Aleph) 022737682
100 ## - ДАННЫЕ ОБЩЕЙ ОБРАБОТКИ
Данные общей обработки 20260226d2025 k y0rusy50 ca
101 0# - ЯЗЫК РЕСУРСА
Язык текста, звукозаписи и т.д. русский
102 ## - СТРАНА ПУБЛИКАЦИИ ИЛИ ПРОИЗВОДСТВА
Страна публикации Российская Федерация
105 ## - ПОЛЕ КОДИРОВАННЫХ ДАННЫХ: ТЕКСТОВЫЕ МАТЕРИАЛЫ, МОНОГРАФИЧЕСКИЕ
Кодированные данные о монографическом текстовом документе ach|z|||010zd
200 1# - ЗАГЛАВИЕ И СВЕДЕНИЯ ОБ ОТВЕТСТВЕННОСТИ
Основное заглавие "Малые" Общины сестер милосердия губернских и уездных городов России
Первые сведения об ответственности П. Е. Крайнюков, В. Г. Абашин, В. Б. Симоненко, П. А. Дулин
210 ## - ПУБЛИКАЦИЯ, РАСПРОСТРАНЕНИЕ И ДР.
Дата издания, распространения и т.д. 2025
215 ## - ФИЗИЧЕСКАЯ ХАРАКТЕРИСТИКА
Специфическое обозначение материала и объем 191 с.
Другие сведения о физической характеристике ил., цв. ил., портр.
300 ## - ОБЩИЕ ПРИМЕЧАНИЯ
Текст примечания На 5-й с. авт.: Абашин В. Г., Дулин П. А. - д-ра мед. наук, профессора, Засл. врачи Рос. Федерации, Крайнюков П. Е. - д-р мед. наук, д-р воен. наук, проф., Симоненко В. Б. - д-р мед. наук, проф., чл.-кор. РАН, Засл. врач Рос. Федерации
320 ## - ПРИМЕЧАНИЯ О НАЛИЧИИ В ДОКУМЕНТЕ БИБЛИОГРАФИИ / УКАЗАТЕЛЯ
Текст примечания Библиогр.: с. 188-191 и в подстроч. примеч.
461 #0 - УРОВЕНЬ НАБОРА
Встроенное поле 001RU\NLR\BIBL_A\012234046
-- 2001#$aРоссийские Общины сестер милосердия в событиях Первой мировой войны$fВ.Г. Абашин, П.Е. Крайнюков, В.Б. Симоненко, Н.О. Травин$vКн. 7
Системный номер (АБИС) связанной записи 11000540
Место публикации Москва
Дата публикации 2018
Первые сведения об ответственности В.Г. Абашин, П.Е. Крайнюков, В.Б. Симоненко, Н.О. Травин
Имя издателя, распространителя и т.д. Эко-Пресс
Заглавие Российские Общины сестер милосердия в событиях Первой мировой войны
Номер тома Кн. 7
701 #1 - ИМЯ ЛИЦА - АЛЬТЕРНАТИВНАЯ ОТВЕТСТВЕННОСТЬ
Начальный элемент ввода Дулин
Часть имени, кроме начального элемента ввода П. А.
Расширение инициалов личного имени Петр Алексеевич
942 ## - ДОПОЛНИТЕЛЬНЫЕ ЭЛЕМЕНТЫ ЗАПИСИ (АБИС)
Тип экземпляра АБИС Книга
980 ## - КОЛЛЕКЦИЯ
Название коллекции Национальная библиография

Нет доступных экземпляров.